000 00482nam a2200169 i 4500
001 40745
003 ES-MaACL
005 20230906160312.0
007 t|
008 030307s1930 sp ||||1| spa d
100 1 _aCardozo, Mario.
_935211
245 1 0 _aJoias arcaicas encontradas em Portugal /
_cMario Cardozo.
260 _aLa Coruña :
_bNos,
_c1930.
300 _a38 p. :
_bil. ;
_c22 cm.
650 0 4 _aOrfebrería-
_zEspaña-
_vHistoria.
_915755
852 _aES-MaACL
_j1755-F-21
999 _c40745
_d40745